Vývoj a obchodovanie s akciovými indexmi na hlavných svetových burzách diplomová práca

Na minha lista:
Detalhes bibliográficos
Autor principal: Hanes, Ján
Autor Corporativo: Fakulta podnikového manažmentu EU. Katedra podnikových financií
Outros Autores: Bikár, Miloš, 1973-
Formato: Livro
Idioma:eslovaco
Publicado em: Bratislava 2018
Tags: Adicionar Tag
Sem tags, seja o primeiro a adicionar uma tag!

MARC

LEADER 00000nbm a2200000 4500
001 0244961
005 20181001110815.8
041 0 |a slo 
044 |a SK 
245 1 0 |a Vývoj a obchodovanie s akciovými indexmi na hlavných svetových burzách  |b diplomová práca  |c Ján Hanes ; školiteľ: Miloš Bikár 
264 1 |a Bratislava  |c 2018 
300 |a 67 s. 
100 1 |a Hanes, Ján 
700 1 |a Bikár, Miloš, 1973- 
710 2 |a Fakulta podnikového manažmentu EU. Katedra podnikových financií